LEADER 00837nam a2200217 i 4500 001 000000105157 003 CaOOAMICUS 005 20020211000000.0 008 020211s1979 be u000 u lat u 013 $a77346 040 $aSeMil$bita 245 10$aLibri 1.-10. 300 $aXXXI, 577 p. 490 0 $aCorpus Christianorum. Series Latina ;$v143. 773 0 $aGregorius I, $tMoralia in Iob.$w()1734 773 0 $aGregorius I, $tGregorii Magni Opera.$dTurnholti : Brepols, 1982-$w()1735 830 0$aCorpus Christianorum. Series Latina ;$v143.$0(OLS)http://semarc/title/37 850 $aSeMil 852 $aSeMil$W1$xVenegono$y1$mSL2.J II 143$j61422$B61422$CSeMilBibl$Z2$F70789 $8I 961 $aSottoscrizione: Brepols 996 $6245$aLibri 1.-10$9(OLS)http://semarc/title/102898 LEADER 01074nam a2200253 i 4500 001 000000081988 003 CaOOAMICUS 005 20170328000000.0 008 170328s1969 it u000 u ita u 013 $a54228 040 $aSeMil$bita 100 1 $aIersel, Bastian Martinuss F. : van,$d<1924-1999>.$0(OLS)http://semarc/name/21094 240 13$aDe Bijbel over de Levende God.$0(OLS)http://semarc/title/129333 245 13$aIl Dio vivente nella Bibbia /$cBastiaan van Iersel. 260 $aBari :$bPaoline,$c1969. 300 $a133 p. ;$c18 cm. 490 0 $aLa Bibbia e i problemi dell'uomo d'oggi ;$v13 650 4$aDio - Concezione biblica.$0(OLS)http://semarc/subject/11629 830 3$aLa Bibbia e i problemi dell'uomo d'oggi ;$v13.$0(OLS)http://semarc/title/6103 850 $aSeMil 852 $aSeMil$W1$xVenegono$y1$m2W VII 93$j47121$B47121$CSeMilBibl$Z2$F49587 $81 961 $aRecupero: Seminario di Seveso 996 $6245$aIl Dio vivente nella Bibbia$9(OLS)http://semarc/title/129332 996 $6260$aBari :$bPaoline$9(OLS)http://semarc/publisher/31230